Регионална библиотека "Любен Каравелов" - Русе

Liederkreis op. 39 (Запис номер 520275)

MARC детайли
000 -Лидер
Лидер 01355njm a2200313 a 4500
003 - Код на организацията, давaща контролен номер
Код на организацията, даваща контролен номер BLK
005 - Дата и час на последна редакция
Дата и час на последна редакция 20250301005549.0
007 - Фиксирано поле за физическо описани
Физическо описание sd ammalaaahaa
008 - Елементи от данни с фиксирана дължина
Елементи с фиксирана дължина 240809b bul||n|| |||||||| n|bulo|
028 ## - PUBLISHER NUMBER
Издателски номер 720017
040 ## - Източник на каталожния запис
Код на библиотеката BLK
041 ## - Код за език
Език на записа Немски
Език за КДБФ Немски
080 ## - УДК
УДК текст Пиано
УДК код 780.616.433
УДК – определител (086.72)
УДК – код + определител 780.616.433(086.72)
080 ## - УДК
УДК текст Вокално-инструментална музика
УДК код 784:785
УДК – определител (086.72)
УДК – код + определител 784:785(086.72)
100 ## - Редна дума - Автор
R(LIN) 387484
Автор Schumann, Robert
245 ## - Сведения за заглавието
Заглавие Liederkreis op. 39
Авторска отговорност Robert Schumann ; Lore Fischer, Alt ; Rudolf Nel, Klavier
260 ## - Област на издателските данни
Място на издаване Berlin
Име на издателя Deutsche Schallplatten
Година на издаване 1961
9 (RLIN) 210744
300 ## - Физическа характеристика
Брой страници 1 грамофонна плоча
Илюстрации 33 1/3 об/мин, моно
Размер 25 см
380 ## - Жанр
Жанр Изкуство
490 ## - СЕРИИ (Колекции)
Серия Eterna
9 (RLIN) 493861
500 ## - Общи забележки
Обща забележка Robert Schumann - Liederkreis op.39<br/>nach Gedichten von Joseph von Eichendorff<br/>(01) In der Fremde<br/>(02) Intermezzo<br/>(03) Waldesgespräch<br/>(04) Die Stille<br/>(05) Mondnacht<br/>----<br/>(06) Schöne Fremde<br/>(07) Auf einer Burg<br/>(08) In der Fremde<br/>(09) Wehmut<br/>(10) Zwielicht<br/>(11) Im Walde<br/>(12) Frühlingsnacht
650 #0 - Допълнително описание по предмет – тема
Предметна рубрика Пиано - композиции
9 (RLIN) 275984
700 ## - Други автори (авторска отговорност)
9 (RLIN) 495608
Друг автор Nel, Rudolf
852 ## - Местоположение
Сигнатура (форматна) Ф 246
Отдел Основен фонд - ползва се само за читалня
856 4# - Електронен адрес и достъп
Електронен формат pdf - файл
Път до файла (ресурса)
Инструкция (цена за достъп) 0.00
Права за достъп disable
856 4# - Електронен адрес и достъп
Електронен формат pdf - файл
Път до файла (ресурса)
Инструкция (цена за достъп) 0.00
Права за достъп disable
942 ## - АРТИКУЛИ
Вид на библиотечния документ Грамофонни плочи
Скрит в OPAC Не
944 ## - СЪЗДАВАНЕ И РЕДАКЦИЯ на ЗАПИСА
Дата на регистрацията/редакция Кети Илиева
Служител, извършил регистрацията/редакцията
Статус, дата на статуса CRON CRON
Създаване/Редакция
999 ## - СИСТЕМНИ КОНТРОЛНИ НОМЕРА
Koha biblionumber 520275
Koha biblioitemnumber 520275
Наличности
Код за отписване Код за изгубен артикул Източник на класификационната схема Код за повреда Коз за рестрикции Код за отдаване Артикулен № Име на библиотеката - собственик Име на библиотеката, в която се намира в момента Статус (Текущо местоположение) Дата на вписване в системата Местоположение - отдел Цена в лева Инвентарен номер Систематично азбучна сигнатура Баркод Цена в евро Служебен тип на артикула
  Не е изгубен Universal Decimal Classification Не е повреден само за читалня ползва се в читалня 952996 Регионална библиотека "Любен Каравелов" Русе Регионална библиотека "Любен Каравелов" Русе Хранилище 2024-10-24 Основен фонд - ползва се само за читалня 3.20 1533/66 Ф 246 900000109687 1.64 Грамофонни плочи
Vip Innovations Ltd, Rousse, Bulgaria 2025